[Event "CZE-chT2D 1516"]
[Site "Czech Republic"]
[Date "2016.02.21"]
[Round "8.3"]
[White "Kacirek, Petr"]
[Black "Dolezel, Jaromir"]
[Result "1/2-1/2"]
[WhiteElo "2283"]
[BlackElo "2043"]
[PlyCount "37"]
[EventDate "2015.10.18"]
[EventType "team-tourn"]
[EventRounds "11"]
[EventCountry "CZE"]
[SourceTitle "EXT 2022"]
[Source "ChessBase"]
[SourceDate "2021.10.06"]
[SourceVersion "1"]
[SourceVersionDate "2021.10.06"]
[SourceQuality "1"]
[WhiteTeam "Rychnov nad Kneznou"]
[BlackTeam "Zabreh"]
[WhiteTeamCountry "CZE"]
[BlackTeamCountry "CZE"]

1. d4 Nf6 2. Nf3 g6 3. b3 Bg7 4. Bb2 d6 5. Nbd2 0-0 6. g3 Nbd7 7. Bg2 c6 8. h3 Qc7 9. 0-0 b6 10. Re1 Bb7 11. e4 Nh5 12. e5 dxe5 13. Nxe5 Rad8 14. Qe2 c5 15. d5 Rfe8 16. c4 e6 17. Nd3 Bxb2 18. Nxb2 Ndf6 19. Qd3 1/2-1/2

[Event "CZE-chT2D 1415"]
[Site "Czech Republic"]
[Date "2014.12.14"]
[Round "4.5"]
[White "Ptacek, Tomas"]
[Black "Dolezel, Jaromir"]
[Result "1-0"]
[WhiteElo "1999"]
[BlackElo "2042"]
[PlyCount "69"]
[EventDate "2014.11.02"]
[EventType "team-tourn"]
[EventRounds "11"]
[EventCountry "CZE"]
[SourceTitle "EXT 2022"]
[Source "ChessBase"]
[SourceDate "2021.10.06"]
[SourceVersion "1"]
[SourceVersionDate "2021.10.06"]
[SourceQuality "1"]
[WhiteTeam "Hradec Kralove II"]
[BlackTeam "Zabreh"]
[WhiteTeamCountry "CZE"]
[BlackTeamCountry "CZE"]

1. e4 c5 2. Nf3 d6 3. d4 cxd4 4. Nxd4 Nf6 5. Nc3 a6 6. Be3 e5 7. Nb3 Be6 8. f3 Nbd7 9. Qd2 b5 10. g4 h6 11. 0-0-0 Qc7 12. h4 b4 13. Nd5 Bxd5 14. exd5 a5 15. Qd3 a4 16. Nd2 Ra5 17. Kb1 Rxd5 18. Qe2 a3 19. Bg2 axb2 20. f4 Ra5 21. Nc4 Ra4 22. fxe5 dxe5 23. g5 Nh5 24. Nxb2 Ra3 25. Rxd7 Qxd7 26. Rd1 Ng3 27. Qf2 Qe6 28. Bd5 Ne4 29. Bxe6 Nxf2 30. Bd7+ Kd8 31. Bb6+ Ke7 32. Bxf2 hxg5 33. hxg5 f5 34. Nc4 Rah3 35. Bc5+ 1-0

[Event "CZE-chT2D 1213"]
[Site "Czech Republic"]
[Date "2013.03.24"]
[Round "11.5"]
[White "Holasek, Pavel"]
[Black "Dolezel, Jaromir"]
[Result "1-0"]
[WhiteElo "2048"]
[BlackElo "2061"]
[PlyCount "75"]
[EventDate "2012.10.14"]
[EventType "team-tourn"]
[EventRounds "11"]
[EventCountry "CZE"]
[SourceTitle "EXT 2016"]
[Source "ChessBase"]
[SourceDate "2015.10.08"]
[SourceVersion "1"]
[SourceVersionDate "2015.10.08"]
[SourceQuality "1"]
[WhiteTeam "Usti nad Orlici"]
[BlackTeam "Sumperk"]
[WhiteTeamCountry "CZE"]
[BlackTeamCountry "CZE"]

1. e4 c5 2. Nf3 d6 3. d4 cxd4 4. Nxd4 Nf6 5. Nc3 a6 6. Bc4 e6 7. Bb3 Be7 8. g4 h6 9. Be3 Nc6 10. Rg1 Qc7 11. Qe2 Nxd4 12. Bxd4 e5 13. Be3 Be6 14. 0-0-0 b5 15. f4 Rc8 16. Kb1 Bc4 17. Qg2 a5 18. g5 hxg5 19. fxg5 Nd7 20. Rd2 a4 21. Nd5 Qb7 22. Bxc4 bxc4 23. c3 Nc5 24. Bxc5 Rxc5 25. g6 f6 26. Qg4 Qd7 27. Qxd7+ Kxd7 28. Nb6+ Kc6 29. Nxa4 Ra5 30. b3 Rh4 31. Re2 Rf4 32. Nb2 cxb3 33. axb3 d5 34. exd5+ Rxd5 35. Kc2 f5 36. Nd3 Re4 37. Rxe4 fxe4 38. Nb2 1-0

[Event "CZE-chT2F 1011"]
[Site "Czech Republic"]
[Date "2011.04.10"]
[Round "11.4"]
[White "Pilch, Roman"]
[Black "Dolezel, Jaromir"]
[Result "0-1"]
[WhiteElo "2101"]
[BlackElo "2089"]
[PlyCount "116"]
[EventDate "2010.10.17"]
[EventType "team-tourn"]
[EventRounds "11"]
[EventCountry "CZE"]
[SourceTitle "EXT 2012"]
[Source "ChessBase"]
[SourceDate "2011.11.24"]
[SourceVersion "1"]
[SourceVersionDate "2011.11.24"]
[SourceQuality "1"]
[WhiteTeam "Trinec III"]
[BlackTeam "Sumperk"]
[WhiteTeamCountry "CZE"]
[BlackTeamCountry "CZE"]

1. Nf3 Nf6 2. g3 g6 3. b3 Bg7 4. Bb2 d5 5. Bg2 0-0 6. 0-0 c5 7. c4 d4 8. b4 Nfd7 9. d3 Nc6 10. bxc5 Nxc5 11. Nbd2 Qc7 12. Nb3 Nxb3 13. Qxb3 b6 14. Rab1 Rb8 15. e3 Rd8 16. e4 Na5 17. Qb4 Nb7 18. Qd2 Nc5 19. Ba3 Bd7 20. Nh4 e5 21. f4 exf4 22. gxf4 Bh6 23. Rbe1 Re8 24. Bb2 Ne6 25. Bc1 b5 26. Qf2 Nc5 27. Qxd4 Bg7 28. e5 bxc4 29. dxc4 Be6 30. Ba3 Bf8 31. f5 gxf5 32. Nxf5 Bxf5 33. Rxf5 Qa5 34. Qe3 Nd3 35. Ref1 Qxa3 36. Qg5+ Bg7 37. Rxf7 Qc5+ 38. Kh1 Qxe5 39. Rxg7+ Qxg7 40. Qd5+ Kh8 41. Qxd3 Rb2 42. Qd5 Rg8 43. Rg1 Rxa2 44. c5 Ra1 45. h3 Rxg1+ 46. Kxg1 Qa1+ 47. Kh2 Re8 48. Qd7 Qe5+ 49. Kh1 Rb8 50. Qd1 Re8 51. Qc2 Qd4 52. Qc1 Qe3 53. Qb2+ Qe5 54. Qc2 Qa1+ 55. Kh2 Re1 56. Bf3 Rb1 57. Qe4 Qb2+ 58. Bg2 Qb8+ 0-1

[Event "CZE-chT2F 1011"]
[Site "Czech Republic"]
[Date "2011.01.23"]
[Round "6.6"]
[White "Dolezel, Jaromir"]
[Black "Holeksa, Zdenek"]
[Result "1/2-1/2"]
[WhiteElo "2089"]
[BlackElo "2156"]
[PlyCount "85"]
[EventDate "2010.10.17"]
[EventType "team-tourn"]
[EventRounds "11"]
[EventCountry "CZE"]
[SourceTitle "EXT 2012"]
[Source "ChessBase"]
[SourceDate "2011.11.24"]
[SourceVersion "1"]
[SourceVersionDate "2011.11.24"]
[SourceQuality "1"]
[WhiteTeam "Sumperk"]
[BlackTeam "Dobra"]
[WhiteTeamCountry "CZE"]
[BlackTeamCountry "CZE"]

1. e4 c5 2. Nf3 d6 3. d4 cxd4 4. Nxd4 Nf6 5. Nc3 a6 6. Be2 e6 7. 0-0 Be7 8. a4 0-0 9. Be3 Nc6 10. Nb3 b6 11. f4 Bb7 12. Bf3 Qc7 13. Qd2 Nb8 14. a5 b5 15. Bb6 Qc8 16. e5 dxe5 17. fxe5 Nfd7 18. Bd4 Nc6 19. Qe3 Qc7 20. Bxc6 Qxc6 21. Rf2 Rac8 22. Re2 Nc5 23. Nxc5 Bxc5 24. Bxc5 Qxc5 25. Qxc5 Rxc5 26. Rd1 Rb8 27. Rd7 b4 28. Na2 Bc6 29. Rc7 Rxa5 30. Nxb4 Bb5 31. c4 Be8 32. Nc6 Bxc6 33. Rxc6 g6 34. Rd6 Rb4 35. Rc2 Rxe5 36. c5 Rb5 37. b4 Rxb4 38. c6 Rb1+ 39. Kf2 Rf5+ 40. Ke3 Re1+ 41. Kd3 Rd1+ 42. Ke4 Re1+ 43. Kd3 1/2-1/2

[Event "CZE-chT2F 0910"]
[Site "Czech Republic"]
[Date "2010.03.28"]
[Round "10.4"]
[White "Dolezel, Jaromir"]
[Black "Stverak, Milan"]
[Result "0-1"]
[WhiteElo "2109"]
[BlackElo "2080"]
[PlyCount "60"]
[EventDate "2009.10.18"]
[EventType "team-tourn"]
[EventRounds "11"]
[EventCountry "CZE"]
[SourceTitle "EXT 2012"]
[Source "ChessBase"]
[SourceDate "2011.11.24"]
[SourceVersion "1"]
[SourceVersionDate "2011.11.24"]
[SourceQuality "1"]
[WhiteTeam "Sumperk"]
[BlackTeam "Vsetin"]
[WhiteTeamCountry "CZE"]
[BlackTeamCountry "CZE"]

1. e4 c6 2. d4 d5 3. e5 Bf5 4. h4 h5 5. c4 dxc4 6. Bxc4 e6 7. Nc3 Nd7 8. Bg5 Qb6 9. Qd2 Ne7 10. Nge2 Nd5 11. a3 a5 12. Ng3 Bg6 13. Nge4 f6 14. exf6 gxf6 15. Nxd5 cxd5 16. Nxf6+ Nxf6 17. Bxf6 Bh6 18. Qe2 0-0 19. Be7 dxc4 20. Bxf8 Rxf8 21. Qxc4 Bg7 22. Rd1 Rf4 23. 0-0 Bxd4 24. Qc8+ Rf8 25. Qc4 Bxf2+ 26. Kh1 Qe3 27. Rd7 Qe4 28. Qxe4 Bxe4 29. Kh2 Bg3+ 30. Kg1 Bh2+ 0-1

[Event "CZE-chT2F 0910"]
[Site "Czech Republic"]
[Date "2010.03.14"]
[Round "9.5"]
[White "Dolezel, Jaromir"]
[Black "Bulava, Petr"]
[Result "1-0"]
[WhiteElo "2109"]
[BlackElo "2116"]
[PlyCount "51"]
[EventDate "2009.10.18"]
[EventType "team-tourn"]
[EventRounds "11"]
[EventCountry "CZE"]
[SourceTitle "EXT 2012"]
[Source "ChessBase"]
[SourceDate "2011.11.24"]
[SourceVersion "1"]
[SourceVersionDate "2011.11.24"]
[SourceQuality "1"]
[WhiteTeam "Sumperk"]
[BlackTeam "Havirov"]
[WhiteTeamCountry "CZE"]
[BlackTeamCountry "CZE"]

1. e4 e5 2. Nf3 Nc6 3. Bb5 Bc5 4. c3 f5 5. Bxc6 bxc6 6. d4 fxe4 7. Nxe5 Bd6 8. Qh5+ g6 9. Nxg6 Nf6 10. Qh4 Rg8 11. Ne5 e3 12. Bxe3 Qe7 13. Nd2 Bxe5 14. dxe5 Qxe5 15. 0-0-0 Rg4 16. Qh6 Rg6 17. Rhe1 Kf7 18. Qh4 Rg4 19. Qh3 d5 20. Bd4 Qf5 21. Qe3 Be6 22. Nf3 Rxg2 23. Nh4 Ng4 24. Nxf5 Nxe3 25. Nxe3 Rxh2 26. Rh1 1-0

[Event "CZE-chT2F 0910"]
[Site "Czech Republic"]
[Date "2010.01.31"]
[Round "6.6"]
[White "Beseda, Roman"]
[Black "Dolezel, Jaromir"]
[Result "1/2-1/2"]
[WhiteElo "2152"]
[BlackElo "2109"]
[PlyCount "70"]
[EventDate "2009.10.18"]
[EventType "team-tourn"]
[EventRounds "11"]
[EventCountry "CZE"]
[SourceTitle "EXT 2012"]
[Source "ChessBase"]
[SourceDate "2011.11.24"]
[SourceVersion "1"]
[SourceVersionDate "2011.11.24"]
[SourceQuality "1"]
[WhiteTeam "Morkov"]
[BlackTeam "Sumperk"]
[WhiteTeamCountry "CZE"]
[BlackTeamCountry "CZE"]

1. e4 c5 2. Nf3 d6 3. d4 cxd4 4. Nxd4 Nf6 5. Nc3 a6 6. Bg5 e6 7. f4 Be7 8. Qf3 Qc7 9. 0-0-0 h6 10. Bh4 Nbd7 11. Nb3 b5 12. Bd3 b4 13. Ne2 Bb7 14. Bf2 Rc8 15. Ng3 a5 16. Nd4 Nc5 17. Nb5 Qb8 18. Nd4 0-0 19. Rhe1 a4 20. Kd2 Qa8 21. Re2 Qa5 22. b3 Nxd3 23. cxd3 Rc3 24. Ke1 Rfc8 25. Kf1 Rc1 26. Ree1 Rxd1 27. Qxd1 axb3 28. axb3 Ba6 29. Qb1 Rc3 30. Rd1 Nd7 31. Nge2 Rc7 32. Nf3 Nc5 33. d4 Qb5 34. Nfg1 Nd3 35. g3 Nxf2 1/2-1/2

[Event "CZE-chT2F 0910"]
[Site "Czech Republic"]
[Date "2009.12.06"]
[Round "4.7"]
[White "Dolezel, Jaromir"]
[Black "Sedlacek, Jiri1111"]
[Result "1-0"]
[WhiteElo "2109"]
[BlackElo "1767"]
[PlyCount "41"]
[EventDate "2009.10.18"]
[EventType "team-tourn"]
[EventRounds "11"]
[EventCountry "CZE"]
[SourceTitle "EXT 2012"]
[Source "ChessBase"]
[SourceDate "2011.11.24"]
[SourceVersion "1"]
[SourceVersionDate "2011.11.24"]
[SourceQuality "1"]
[WhiteTeam "Sumperk"]
[BlackTeam "Frydek Mistek II"]
[WhiteTeamCountry "CZE"]
[BlackTeamCountry "CZE"]

1. e4 e6 2. d4 d5 3. Nd2 c5 4. exd5 exd5 5. Bb5+ Bd7 6. Qe2+ Qe7 7. Bxd7+ Nxd7 8. dxc5 Nxc5 9. Nb3 Qxe2+ 10. Nxe2 Ne6 11. Be3 b6 12. 0-0-0 0-0-0 13. Ned4 Kb7 14. Rhe1 Nc7 15. Bg5 Rd7 16. Nf3 Bd6 17. Nbd4 h6 18. Bd2 Ne7 19. Re2 g6 20. Rde1 a6 21. Bc3 1-0

[Event "CZE-chT2F 0910"]
[Site "Czech Republic"]
[Date "2009.10.18"]
[Round "1.4"]
[White "Dolezel, Jaromir"]
[Black "Bures, Jaroslav"]
[Result "0-1"]
[WhiteElo "2109"]
[BlackElo "2295"]
[PlyCount "78"]
[EventDate "2009.10.18"]
[EventType "team-tourn"]
[EventRounds "11"]
[EventCountry "CZE"]
[SourceTitle "EXT 2012"]
[Source "ChessBase"]
[SourceDate "2011.11.24"]
[SourceVersion "1"]
[SourceVersionDate "2011.11.24"]
[SourceQuality "1"]
[WhiteTeam "Sumperk"]
[BlackTeam "Grygov II"]
[WhiteTeamCountry "CZE"]
[BlackTeamCountry "CSR"]

1. e4 c5 2. Nf3 d6 3. d4 cxd4 4. Nxd4 Nf6 5. Nc3 Nc6 6. Be2 e6 7. 0-0 Be7 8. Be3 0-0 9. f4 a6 10. a4 Qc7 11. Nb3 b6 12. g4 d5 13. exd5 Rd8 14. Bf3 Nb4 15. Qe2 Nfxd5 16. Nxd5 Nxd5 17. c4 Nxe3 18. Bxa8 Nxf1 19. Rxf1 Bd7 20. Be4 Bxa4 21. Nd2 Bd6 22. f5 Bxh2+ 23. Kh1 Bf4 24. Nb1 Qe5 25. Qf3 Rd1 26. Nc3 Rxf1+ 27. Qxf1 Be8 28. fxe6 fxe6 29. Qd3 g6 30. Qd8 Qb8 31. Qf6 Qd6 32. Nd5 Bg5 33. Qxg5 exd5 34. cxd5 a5 35. Qe3 Bd7 36. Bf3 a4 37. Kg2 b5 38. Qd4 b4 39. Be2 a3 0-1

[Event "CZE-chT2E 0809"]
[Site "Czech Republic"]
[Date "2009.01.25"]
[Round "7.5"]
[White "Bacak, Petr Jr"]
[Black "Dolezel, Jaromir"]
[Result "1/2-1/2"]
[WhiteElo "2039"]
[BlackElo "2124"]
[PlyCount "56"]
[EventDate "2008.10.12"]
[EventType "team-tourn"]
[EventRounds "11"]
[EventCountry "CZE"]
[SourceTitle "EXT 2010"]
[Source "ChessBase"]
[SourceDate "2010.11.25"]
[SourceVersion "1"]
[SourceVersionDate "2010.11.25"]
[SourceQuality "1"]
[WhiteTeam "Zlin II"]
[BlackTeam "Sumperk"]
[WhiteTeamCountry "CZE"]
[BlackTeamCountry "CZE"]

1. e4 c5 2. Nf3 d6 3. Bb5+ Bd7 4. Bxd7+ Qxd7 5. 0-0 Nc6 6. c4 Nf6 7. Nc3 g6 8. d4 cxd4 9. Nxd4 Bg7 10. Nc2 0-0 11. Ne3 Rac8 12. Rb1 Ne5 13. b3 Neg4 14. Nxg4 Nxg4 15. Nd5 Nf6 16. Nxf6+ Bxf6 17. Be3 b5 18. cxb5 Qxb5 19. Bxa7 Ra8 20. a4 Qb4 21. Be3 Qxe4 22. Bb6 Qb4 23. Be3 Rfb8 24. Qd3 Qa3 25. Rfd1 Rb7 26. Bc1 Qb4 27. Bd2 Qa3 28. Bc1 Qb4 1/2-1/2

[Event "Pracov op"]
[Site "Pracov"]
[Date "2004.??.??"]
[Round "2"]
[White "Dolezel, Jaromir"]
[Black "Stracanek, Jaroslav"]
[Result "1-0"]
[WhiteElo "2155"]
[BlackElo "1820"]
[PlyCount "95"]
[EventDate "2004.??.??"]
[EventType "swiss"]
[EventRounds "9"]
[EventCountry "CZE"]
[SourceTitle "EXT 2007"]
[Source "ChessBase"]
[SourceDate "2006.11.23"]
[SourceVersion "1"]
[SourceVersionDate "2006.11.23"]
[SourceQuality "1"]

1. e4 c5 2. Nf3 d6 3. d4 cxd4 4. Nxd4 Nf6 5. Nc3 a6 6. Bc4 e6 7. 0-0 Be7 8. Bb3 0-0 9. f4 Qc7 10. f5 e5 11. Nde2 Qc5+ 12. Kh1 Nbd7 13. Rf3 Qc7 14. Nd5 Nxd5 15. Bxd5 Nf6 16. Nc3 Bd7 17. Bg5 Bc6 18. Bxf6 Bxf6 19. Bb3 Rac8 20. Nd5 Bxd5 21. Qxd5 Qc6 22. Qd3 Rc7 23. Rd1 Rd8 24. Rd2 Bg5 25. Re2 b5 26. g3 a5 27. Bd5 Qb6 28. h4 Be7 29. Qb3 Bf6 30. a4 b4 31. Qe3 Rc5 32. Rd2 Qc7 33. Bb3 Rd7 34. Kh2 Qd8 35. Kh3 h6 36. Qf2 Kf8 37. g4 Qe7 38. Qg3 Qd8 39. Rg2 Be7 40. g5 hxg5 41. hxg5 Rdc7 42. f6 Qc8+ 43. Kh2 Bd8 44. fxg7+ Kxg7 45. Qh4 d5 46. Qh6+ Kg8 47. g6 f6 48. g7 1-0